000 01232nam a22002177a 4500
003 OSt
005 20230712112610.0
008 230705s2015 spa||||| |||| 00| 1 spa d
020 _a9789500437264
040 _bspa
_cbesoc
100 1 _aGilbert, Anthony
_d(1899-1973)
_eautor
245 1 0 _aMuerte en el otro cuarto /
_cAnthony Gilbert ; traducción de Guillermo Whitelow
250 _a1a ed.
260 _aBuenos Aires :
_bEmecé,
_c2015
300 _a295 p.
490 _aEl séptimo círculo / colección creada por Jorge Luis Borges y Adolfo Bioy Casares
520 _aA su regreso de la India, el coronel Anstruther edificó la casa en un solitario lugar de Inglaterra, en el flanco de una colina y cerca de un molino de viento. Ahí vivió con su hija, la tranquila y bella Rose Anstruther. El coronel tenía la agradable costumbre de leer novelas policiales. No sólo las leía: escribía minuciosas cartas a los autores, señalando equivocaciones y desfallecimientos. Solía repetir que su casa era un sitio ideal para un crimen. No pudo prever, sin embargo, lo que después aconteció [Nota del editor].
650 4 _aLiteratura inglesa
_vNovelas
_ySiglo XX
700 1 _aWhitelow, Guillermo
_etraductor
942 _2udc
_cOG
_n0
999 _c39
_d39